Statistics for Ballon d'Or Rankings

Click here to take the quiz!

General Stats

  • This quiz has been taken 1,879 times
    (1,271 since last reset)
  • The average score is 52 of 66

Answer Stats

YearHintAnswer% Correct
2ndCristiano Ronaldo
100%
20141stCristiano Ronaldo
100%
2ndCristiano Ronaldo
100%
20081stCristiano Ronaldo
100%
20171stCristiano Ronaldo
100%
2ndCristiano Ronaldo
100%
2ndCristiano Ronaldo
100%
2ndCristiano Ronaldo
100%
3rdCristiano Ronaldo
100%
2ndCristiano Ronaldo
100%
20131stCristiano Ronaldo
100%
20161stCristiano Ronaldo
100%
20111stLionel Messi
100%
2ndLionel Messi
100%
20121stLionel Messi
100%
20091stLionel Messi
100%
2ndLionel Messi
100%
3rdLionel Messi
100%
2ndLionel Messi
100%
20151stLionel Messi
100%
20101stLionel Messi
100%
20191stLionel Messi
100%
2ndLionel Messi
100%
20211stLionel Messi
100%
2ndLionel Messi
100%
20021stRonaldo
100%
20181stLuka Modrić
93%
3rdNeymar
89%
3rdNeymar
89%
2ndRobert Lewandowski
88%
3rdRonaldinho
86%
20051stRonaldinho
86%
20071stKaka
85%
3rdAndrés Iniesta
83%
2ndAndrés Iniesta
83%
3rdXavi
83%
3rdXavi
83%
3rdXavi
83%
2ndVirgil Van Dijk
81%
3rdManuel Neuer
77%
2ndZinedine Zidane
75%
3rdFranck Ribéry
74%
20061stFabio Cannavaro
73%
3rdAntoine Griezmann
70%
3rdAntoine Griezmann
70%
3rdJorginho
65%
3rdThierry Henry
65%
2ndThierry Henry
65%
20011stMichael Owen
62%
20031stPavel Nedvěd
60%
2ndGianluigi Buffon
59%
19991stRivaldo
59%
3rdAndriy Shevchenko
56%
20041stAndriy Shevchenko
56%
3rdAndriy Shevchenko
56%
20001stLuís Figo
54%
3rdSteven Gerrard
48%
3rdPaolo Maldini
47%
3rdFernando Torres
46%
2ndFrank Lampard
45%
3rdOliver Kahn
45%
3rdOliver Kahn
45%
2ndDavid Beckham
41%
2ndRoberto Carlos
37%
2ndRaúl
31%
2ndDeco
27%

Score Distribution

Percentile by Number Answered

Percent of People with Each Score

Your Score History

You have not taken this quiz since the last reset